[Event "April 9 Late 2024"]
[Site "Chess.com"]
[Date "2024.04.09"]
[Round "4"]
[White "Romero Ruscalleda, Josep"]
[Black "Nunez Hirales, Juan Alejandro"]
[Result "1-0"]
[Board "174"]
[WhiteFideId "2231859"]
[BlackFideId "5108888"]
[WhiteTitle "FM"]
[WhiteElo "2351"]
[BlackElo "2180"]
[WhiteTeam "ESP"]
[BlackTeam "MEX"]
[WhiteClock "0:01:26"]
[BlackClock "0:00:00"]
[Variant "Standard"]

1. e4 {[%clk 0:02:56]}  c6 {[%clk 0:02:56]} 2. Nc3 {[%clk 0:02:55]}  d5 {[%clk 0:02:55]} 3. Nf3 {[%clk 0:02:55]}  dxe4 {[%clk 0:02:55]} 4. Nxe4 {[%clk 0:02:56]}  Nf6 {[%clk 0:02:56]} 5. Qe2 {[%clk 0:02:56]}  Nxe4 {[%clk 0:02:56]} 6. Qxe4 {[%clk 0:02:56]}  Nd7 {[%clk 0:02:57]} 7. Bc4 {[%clk 0:02:56]}  Nf6 {[%clk 0:02:57]} 8. Ne5 {[%clk 0:02:56]}  e6 {[%clk 0:02:56]} 9. Qe2 {[%clk 0:02:56]}  b5 {[%clk 0:02:56]} 10. Bb3 {[%clk 0:02:51]}  Qc7 {[%clk 0:02:56]} 11. c3 {[%clk 0:02:50]}  Bd6 {[%clk 0:02:45]} 12. d4 {[%clk 0:02:49]}  Bxe5 {[%clk 0:02:41]} 13. dxe5 {[%clk 0:02:49]}  Nd7 {[%clk 0:02:42]} 14. Bf4 {[%clk 0:02:48]}  O-O {[%clk 0:02:40]} 15. O-O {[%clk 0:02:47]}  a5 {[%clk 0:02:39]} 16. a4 {[%clk 0:02:45]}  Nc5 {[%clk 0:02:26]} 17. Bc2 {[%clk 0:02:44]}  bxa4 {[%clk 0:02:20]} 18. Rfd1 {[%clk 0:02:37]}  Ba6 {[%clk 0:02:10]} 19. Qh5 {[%clk 0:02:36]}  g6 {[%clk 0:02:06]} 20. Qh6 {[%clk 0:02:36]}  Rfd8 {[%clk 0:01:39]} 21. Re1 {[%clk 0:02:31]}  Qe7 {[%clk 0:00:39]} 22. Bg5 {[%clk 0:02:30]}  Qf8 {[%clk 0:00:39]} 23. Qxf8+ {[%clk 0:02:30]}  Kxf8 {[%clk 0:00:39]} 24. Bxd8 {[%clk 0:02:30]}  Rxd8 {[%clk 0:00:40]} 25. Bxa4 {[%clk 0:02:28]}  Nd3 {[%clk 0:00:38]} 26. Red1 {[%clk 0:02:26]}  Rb8 {[%clk 0:00:36]} 27. Bxc6 {[%clk 0:02:17]}  Nxe5 {[%clk 0:00:33]} 28. Rxa5 {[%clk 0:02:12]}  Be2 {[%clk 0:00:29]} 29. Rd6 {[%clk 0:01:43]}  Nxc6 {[%clk 0:00:27]} 30. Rxc6 {[%clk 0:01:41]}  Rxb2 {[%clk 0:00:27]} 31. f3 {[%clk 0:01:40]}  Rb1+ {[%clk 0:00:23]} 32. Kf2 {[%clk 0:01:40]}  Rb2 {[%clk 0:00:24]} 33. Kg3 {[%clk 0:01:40]}  Bf1 {[%clk 0:00:23]} 34. Kf4 {[%clk 0:01:33]}  Rxg2 {[%clk 0:00:21]} 35. Rc7 {[%clk 0:01:31]}  e5+ {[%clk 0:00:10]} 36. Rxe5 {[%clk 0:01:28]}  Rxh2 {[%clk 0:00:05]} 37. Ree7 {[%clk 0:01:27]}  Rh4+ {[%clk 0:00:00]} 38. Kg3 {[%clk 0:01:26]} 1-0

[Event "April 9 Late 2024"]
[Site "Chess.com"]
[Date "2024.04.09"]
[Round "4"]
[White "Souza, Gustavo Horokoski De"]
[Black "Mesquita, Eduardo Barbosa"]
[Result "1-0"]
[Board "175"]
[WhiteFideId "2146584"]
[BlackFideId "22757163"]
[WhiteElo "2166"]
[BlackElo "2340"]
[WhiteTeam "BRA"]
[BlackTeam "BRA"]
[WhiteClock "0:00:20"]
[BlackClock "0:00:00"]
[Variant "Standard"]

1. e4 {[%clk 0:02:23]}  c5 {[%clk 0:02:56]} 2. Nf3 {[%clk 0:02:16]}  d6 {[%clk 0:02:43]} 3. c3 {[%clk 0:02:15]}  Nf6 {[%clk 0:02:37]} 4. Bc4 {[%clk 0:02:09]}  Nc6 {[%clk 0:02:27]} 5. Qe2 {[%clk 0:02:06]}  Bg4 {[%clk 0:02:24]} 6. O-O {[%clk 0:02:01]}  e6 {[%clk 0:02:23]} 7. h3 {[%clk 0:02:01]}  Bh5 {[%clk 0:02:23]} 8. Bb3 {[%clk 0:01:58]}  Be7 {[%clk 0:02:22]} 9. d3 {[%clk 0:01:56]}  h6 {[%clk 0:02:20]} 10. Bf4 {[%clk 0:01:52]}  O-O {[%clk 0:02:09]} 11. Nbd2 {[%clk 0:01:50]}  Re8 {[%clk 0:02:04]} 12. Rad1 {[%clk 0:01:49]}  a6 {[%clk 0:01:42]} 13. g4 {[%clk 0:01:37]}  Bg6 {[%clk 0:01:39]} 14. d4 {[%clk 0:01:36]}  d5 {[%clk 0:01:33]} 15. exd5 {[%clk 0:01:20]}  Nxd5 {[%clk 0:01:24]} 16. Bh2 {[%clk 0:01:14]}  cxd4 {[%clk 0:01:22]} 17. Nxd4 {[%clk 0:01:13]}  Nxd4 {[%clk 0:01:21]} 18. cxd4 {[%clk 0:01:14]}  Bd6 {[%clk 0:01:18]} 19. Bxd6 {[%clk 0:01:10]}  Qxd6 {[%clk 0:01:18]} 20. Ne4 {[%clk 0:01:09]}  Qf4 {[%clk 0:01:13]} 21. Nc5 {[%clk 0:00:49]}  b6 {[%clk 0:00:56]} 22. Nd7 {[%clk 0:00:47]}  Be4 {[%clk 0:00:49]} 23. Ne5 {[%clk 0:00:41]}  f6 {[%clk 0:00:39]} 24. Nd3 {[%clk 0:00:41]}  Bxd3 {[%clk 0:00:18]} 25. Qxd3 {[%clk 0:00:38]}  h5 {[%clk 0:00:18]} 26. gxh5 {[%clk 0:00:34]}  Qg5+ {[%clk 0:00:17]} 27. Qg3 {[%clk 0:00:35]}  Qxh5 {[%clk 0:00:16]} 28. Bxd5 {[%clk 0:00:35]}  exd5 {[%clk 0:00:15]} 29. Rde1 {[%clk 0:00:35]}  Re4 {[%clk 0:00:15]} 30. Rxe4 {[%clk 0:00:35]}  dxe4 {[%clk 0:00:15]} 31. Re1 {[%clk 0:00:35]}  Re8 {[%clk 0:00:11]} 32. Qg4 {[%clk 0:00:34]}  Qh7 {[%clk 0:00:11]} 33. d5 {[%clk 0:00:33]}  f5 {[%clk 0:00:10]} 34. Qd1 {[%clk 0:00:30]}  Qxh3 {[%clk 0:00:06]} 35. Re3 {[%clk 0:00:30]}  Qh4 {[%clk 0:00:04]} 36. d6 {[%clk 0:00:29]}  f4 {[%clk 0:00:04]} 37. Rxe4 {[%clk 0:00:24]}  Rxe4 {[%clk 0:00:03]} 38. Qd5+ {[%clk 0:00:24]}  Re6 {[%clk 0:00:02]} 39. Qxe6+ {[%clk 0:00:24]}  Kh7 {[%clk 0:00:02]} 40. Qf5+ {[%clk 0:00:23]}  g6 {[%clk 0:00:02]} 41. Qf7+ {[%clk 0:00:21]}  Kh6 {[%clk 0:00:03]} 42. Qf8+ {[%clk 0:00:19]}  Kh5 {[%clk 0:00:02]} 43. Qh8+ {[%clk 0:00:19]}  Kg5 {[%clk 0:00:01]} 44. Qxh4+ {[%clk 0:00:20]}  Kxh4 {[%clk 0:00:00]} 45. d7 {[%clk 0:00:20]} 1-0

[Event "April 9 Late 2024"]
[Site "Chess.com"]
[Date "2024.04.09"]
[Round "4"]
[White "Vifleemskaia, Svetlana"]
[Black "Kovacevic, Radmila"]
[Result "1-0"]
[Board "177"]
[WhiteFideId "4129490"]
[BlackFideId "933171"]
[WhiteTitle "WFM"]
[BlackTitle "WFM"]
[WhiteElo "2316"]
[BlackElo "2121"]
[WhiteTeam "RUS"]
[BlackTeam "SRB"]
[WhiteClock "0:00:04"]
[BlackClock "0:00:00"]
[Variant "Standard"]

1. d4 {[%clk 0:02:56]}  e5 {[%clk 0:03:00]} 2. dxe5 {[%clk 0:02:56]}  Nc6 {[%clk 0:03:01]} 3. Nf3 {[%clk 0:02:55]}  Qe7 {[%clk 0:03:02]} 4. Bf4 {[%clk 0:02:55]}  Qb4+ {[%clk 0:03:02]} 5. Bd2 {[%clk 0:02:52]}  Qxb2 {[%clk 0:03:02]} 6. Nc3 {[%clk 0:02:53]}  Bb4 {[%clk 0:03:00]} 7. Rb1 {[%clk 0:02:52]}  Qxc3 {[%clk 0:03:00]} 8. Bxc3 {[%clk 0:02:52]}  Bxc3+ {[%clk 0:03:01]} 9. Nd2 {[%clk 0:02:53]}  Bxe5 {[%clk 0:03:02]} 10. e3 {[%clk 0:02:52]}  Nf6 {[%clk 0:03:03]} 11. Bd3 {[%clk 0:02:51]}  d5 {[%clk 0:03:04]} 12. O-O {[%clk 0:02:51]}  O-O {[%clk 0:03:04]} 13. h3 {[%clk 0:02:52]}  Rd8 {[%clk 0:03:03]} 14. Nf3 {[%clk 0:02:52]}  Bc3 {[%clk 0:03:03]} 15. Rb3 {[%clk 0:02:51]}  Ba5 {[%clk 0:03:03]} 16. a3 {[%clk 0:02:50]}  a6 {[%clk 0:03:02]} 17. Nd4 {[%clk 0:02:50]}  Ne5 {[%clk 0:03:01]} 18. f4 {[%clk 0:02:29]}  Nc4 {[%clk 0:02:59]} 19. Bf5 {[%clk 0:01:57]}  Nd2 {[%clk 0:02:45]} 20. Bxc8 {[%clk 0:01:51]}  Nxf1 {[%clk 0:02:37]} 21. Bxb7 {[%clk 0:01:43]}  Nd2 {[%clk 0:02:32]} 22. Bxa8 {[%clk 0:01:39]}  Nxb3 {[%clk 0:02:30]} 23. Nxb3 {[%clk 0:01:36]}  Bb6 {[%clk 0:02:27]} 24. Bb7 {[%clk 0:01:23]}  Bxe3+ {[%clk 0:02:24]} 25. Kh1 {[%clk 0:01:24]}  Bxf4 {[%clk 0:02:14]} 26. Bxa6 {[%clk 0:01:23]}  Ne4 {[%clk 0:02:14]} 27. Qf3 {[%clk 0:01:19]}  g5 {[%clk 0:02:05]} 28. Bd3 {[%clk 0:01:12]}  Ng3+ {[%clk 0:01:53]} 29. Kg1 {[%clk 0:01:11]}  f5 {[%clk 0:01:50]} 30. a4 {[%clk 0:01:06]}  c6 {[%clk 0:01:47]} 31. a5 {[%clk 0:01:05]}  Bb8 {[%clk 0:01:28]} 32. Nd4 {[%clk 0:00:46]}  Rf8 {[%clk 0:00:51]} 33. Nxc6 {[%clk 0:00:43]}  Bf4 {[%clk 0:00:49]} 34. a6 {[%clk 0:00:40]}  Re8 {[%clk 0:00:45]} 35. Qxd5+ {[%clk 0:00:39]}  Kf8 {[%clk 0:00:41]} 36. a7 {[%clk 0:00:37]}  Be3+ {[%clk 0:00:38]} 37. Kh2 {[%clk 0:00:34]}  Bf4 {[%clk 0:00:31]} 38. Qf3 {[%clk 0:00:16]}  h5 {[%clk 0:00:22]} 39. Qxg3 {[%clk 0:00:15]}  Bxg3+ {[%clk 0:00:21]} 40. Kxg3 {[%clk 0:00:16]}  f4+ {[%clk 0:00:21]} 41. Kf3 {[%clk 0:00:16]}  Ra8 {[%clk 0:00:17]} 42. Ke4 {[%clk 0:00:15]}  Kg7 {[%clk 0:00:16]} 43. Kf5 {[%clk 0:00:16]}  Kh6 {[%clk 0:00:16]} 44. Be4 {[%clk 0:00:15]}  Rf8+ {[%clk 0:00:15]} 45. Ke5 {[%clk 0:00:14]}  g4 {[%clk 0:00:15]} 46. hxg4 {[%clk 0:00:13]}  hxg4 {[%clk 0:00:15]} 47. Nb8 {[%clk 0:00:13]}  f3 {[%clk 0:00:15]} 48. gxf3 {[%clk 0:00:12]}  g3 {[%clk 0:00:14]} 49. f4 {[%clk 0:00:12]}  Re8+ {[%clk 0:00:13]} 50. Kd4 {[%clk 0:00:10]}  Rxe4+ {[%clk 0:00:14]} 51. Kxe4 {[%clk 0:00:10]}  g2 {[%clk 0:00:15]} 52. a8=Q {[%clk 0:00:10]}  g1=Q {[%clk 0:00:16]} 53. Qc6+ {[%clk 0:00:09]}  Kh7 {[%clk 0:00:14]} 54. Qd7+ {[%clk 0:00:08]}  Kh6 {[%clk 0:00:14]} 55. Qe6+ {[%clk 0:00:08]}  Kh7 {[%clk 0:00:13]} 56. Qf5+ {[%clk 0:00:07]}  Kh8 {[%clk 0:00:12]} 57. Qf6+ {[%clk 0:00:07]}  Kh7 {[%clk 0:00:12]} 58. Qf7+ {[%clk 0:00:08]}  Kh8 {[%clk 0:00:11]} 59. Nd7 {[%clk 0:00:08]}  Qg2+ {[%clk 0:00:08]} 60. Kf5 {[%clk 0:00:08]}  Qxc2+ {[%clk 0:00:08]} 61. Kg5 {[%clk 0:00:07]}  Qg2+ {[%clk 0:00:08]} 62. Kf6 {[%clk 0:00:07]}  Qc6+ {[%clk 0:00:06]} 63. Ke7 {[%clk 0:00:07]}  Qe4+ {[%clk 0:00:05]} 64. Qe6 {[%clk 0:00:07]}  Qxf4 {[%clk 0:00:05]} 65. Nf6 {[%clk 0:00:06]}  Qc7+ {[%clk 0:00:05]} 66. Nd7 {[%clk 0:00:06]}  Qf4 {[%clk 0:00:04]} 67. Ke8 {[%clk 0:00:05]}  Qg5 {[%clk 0:00:01]} 68. Nf6 {[%clk 0:00:04]}  Qg6+ {[%clk 0:00:00]} 69. Ke7 {[%clk 0:00:04]} 1-0

[Event "April 9 Late 2024"]
[Site "Chess.com"]
[Date "2024.04.09"]
[Round "4"]
[White "Harish, Neeraj"]
[Black "Dovzik, Juri"]
[Result "1-0"]
[Board "178"]
[WhiteFideId "30958130"]
[BlackFideId "14100223"]
[WhiteTitle "CM"]
[BlackTitle "IM"]
[WhiteElo "2314"]
[BlackElo "2109"]
[WhiteTeam "USA"]
[BlackTeam "UKR"]
[WhiteClock "0:01:29"]
[BlackClock "0:00:00"]
[Variant "Standard"]

1. e4 {[%clk 0:03:00]}  c6 {[%clk 0:02:58]} 2. d4 {[%clk 0:03:00]}  Na6 {[%clk 0:02:58]} 3. Nc3 {[%clk 0:02:51]}  Nc7 {[%clk 0:02:57]} 4. Nf3 {[%clk 0:02:50]}  d5 {[%clk 0:02:48]} 5. e5 {[%clk 0:02:50]}  Bg4 {[%clk 0:02:46]} 6. Be2 {[%clk 0:02:50]}  e6 {[%clk 0:02:45]} 7. O-O {[%clk 0:02:49]}  Ne7 {[%clk 0:02:34]} 8. a4 {[%clk 0:02:44]}  Nf5 {[%clk 0:02:31]} 9. h3 {[%clk 0:02:44]}  Bxf3 {[%clk 0:02:30]} 10. Bxf3 {[%clk 0:02:45]}  c5 {[%clk 0:02:24]} 11. dxc5 {[%clk 0:02:33]}  Bxc5 {[%clk 0:02:21]} 12. Bf4 {[%clk 0:02:24]}  Qh4 {[%clk 0:02:10]} 13. Ne2 {[%clk 0:02:11]}  Qe7 {[%clk 0:01:42]} 14. c3 {[%clk 0:01:55]}  Nh4 {[%clk 0:01:32]} 15. b4 {[%clk 0:01:50]}  Nxf3+ {[%clk 0:01:27]} 16. gxf3 {[%clk 0:01:50]}  O-O {[%clk 0:00:26]} 17. bxc5 {[%clk 0:01:46]}  Qxc5 {[%clk 0:00:26]} 18. Kh1 {[%clk 0:01:35]}  Na6 {[%clk 0:00:13]} 19. Qd2 {[%clk 0:01:33]}  Rfc8 {[%clk 0:00:00]} 20. Be3 {[%clk 0:01:29]} 1-0

[Event "April 9 Late 2024"]
[Site "Chess.com"]
[Date "2024.04.09"]
[Round "4"]
[White "Lutz, Igor Oscar"]
[Black "Montano Vicente, Guadalupe"]
[Result "0-1"]
[Board "182"]
[WhiteFideId "2110806"]
[BlackFideId "5181399"]
[WhiteElo "1969"]
[BlackElo "2286"]
[WhiteTeam "BRA"]
[BlackTeam "MEX"]
[WhiteClock "0:00:07"]
[BlackClock "0:00:44"]
[Variant "Standard"]

1. d4 {[%clk 0:03:00]}  Nf6 {[%clk 0:02:57]} 2. c4 {[%clk 0:03:00]}  g6 {[%clk 0:02:54]} 3. Nc3 {[%clk 0:03:00]}  Bg7 {[%clk 0:02:55]} 4. e4 {[%clk 0:03:00]}  d6 {[%clk 0:02:54]} 5. Nf3 {[%clk 0:03:01]}  O-O {[%clk 0:02:54]} 6. Be2 {[%clk 0:03:01]}  Qe8 {[%clk 0:02:51]} 7. Be3 {[%clk 0:03:00]}  Nbd7 {[%clk 0:02:47]} 8. Qc2 {[%clk 0:02:46]}  e5 {[%clk 0:02:45]} 9. d5 {[%clk 0:02:46]}  a5 {[%clk 0:02:39]} 10. h4 {[%clk 0:02:30]}  Ng4 {[%clk 0:02:27]} 11. Bg5 {[%clk 0:02:28]}  f6 {[%clk 0:02:20]} 12. Bd2 {[%clk 0:02:26]}  h5 {[%clk 0:01:53]} 13. Nb5 {[%clk 0:02:14]}  Qd8 {[%clk 0:01:49]} 14. Nh2 {[%clk 0:01:55]}  Nxh2 {[%clk 0:01:47]} 15. Rxh2 {[%clk 0:01:56]}  Nc5 {[%clk 0:01:47]} 16. f3 {[%clk 0:01:47]}  f5 {[%clk 0:01:42]} 17. Bg5 {[%clk 0:01:45]}  Bf6 {[%clk 0:01:39]} 18. Bxf6 {[%clk 0:01:34]}  Rxf6 {[%clk 0:01:38]} 19. O-O-O {[%clk 0:01:24]}  c6 {[%clk 0:01:20]} 20. Nc3 {[%clk 0:01:22]}  fxe4 {[%clk 0:01:13]} 21. Nxe4 {[%clk 0:01:17]}  Nxe4 {[%clk 0:01:06]} 22. fxe4 {[%clk 0:01:07]}  c5 {[%clk 0:01:02]} 23. Rg1 {[%clk 0:00:56]}  Rf2 {[%clk 0:00:59]} 24. Qd3 {[%clk 0:00:52]}  Qf6 {[%clk 0:00:57]} 25. Bf3 {[%clk 0:00:45]}  Qf4+ {[%clk 0:00:55]} 26. Kb1 {[%clk 0:00:37]}  Qxh2 {[%clk 0:00:55]} 27. Qd1 {[%clk 0:00:17]}  Qg3 {[%clk 0:00:52]} 28. Qe1 {[%clk 0:00:14]}  Bg4 {[%clk 0:00:50]} 29. Bxg4 {[%clk 0:00:11]}  hxg4 {[%clk 0:00:49]} 30. a3 {[%clk 0:00:11]}  Raf8 {[%clk 0:00:46]} 31. Ka2 {[%clk 0:00:10]}  a4 {[%clk 0:00:45]} 32. Kb1 {[%clk 0:00:07]}  Qd3+ {[%clk 0:00:44]} 0-1

[Event "April 9 Late 2024"]
[Site "Chess.com"]
[Date "2024.04.09"]
[Round "5"]
[White "Nguyen, Ngoc Truong Son"]
[Black "Lin, Bryan Enming"]
[Result "1-0"]
[Board "30"]
[WhiteFideId "12401110"]
[BlackFideId "30987121"]
[WhiteTitle "GM"]
[WhiteElo "2885"]
[BlackElo "2703"]
[WhiteTeam "VIE"]
[BlackTeam "USA"]
[WhiteClock "0:01:41"]
[BlackClock "0:02:03"]
[Variant "Standard"]

1. e4 {[%clk 0:03:00]}  e5 {[%clk 0:02:56]} 2. Nf3 {[%clk 0:03:00]}  Nc6 {[%clk 0:02:53]} 3. Bb5 {[%clk 0:03:00]}  a6 {[%clk 0:02:53]} 4. Bxc6 {[%clk 0:02:59]}  dxc6 {[%clk 0:02:54]} 5. O-O {[%clk 0:02:59]}  Qf6 {[%clk 0:02:53]} 6. d4 {[%clk 0:02:53]}  exd4 {[%clk 0:02:54]} 7. Qxd4 {[%clk 0:02:52]}  Qxd4 {[%clk 0:02:54]} 8. Nxd4 {[%clk 0:02:53]}  Bd7 {[%clk 0:02:55]} 9. Be3 {[%clk 0:02:48]}  O-O-O {[%clk 0:02:55]} 10. Nd2 {[%clk 0:02:48]}  Ne7 {[%clk 0:02:55]} 11. h4 {[%clk 0:02:42]}  f5 {[%clk 0:02:54]} 12. Rfe1 {[%clk 0:02:28]}  h6 {[%clk 0:02:51]} 13. Nc4 {[%clk 0:01:55]}  fxe4 {[%clk 0:02:22]} 14. Ne5 {[%clk 0:01:55]}  Be8 {[%clk 0:02:21]} 15. Ne6 {[%clk 0:01:52]}  Rd6 {[%clk 0:02:19]} 16. Nxf8 {[%clk 0:01:50]}  Rxf8 {[%clk 0:02:20]} 17. Bc5 {[%clk 0:01:50]}  Re6 {[%clk 0:02:20]} 18. Bxe7 {[%clk 0:01:47]}  Rxe7 {[%clk 0:02:20]} 19. Rxe4 {[%clk 0:01:47]}  Rf6 {[%clk 0:02:16]} 20. Rae1 {[%clk 0:01:46]}  Rfe6 {[%clk 0:02:16]} 21. R4e3 {[%clk 0:01:43]}  b6 {[%clk 0:02:03]} 22. Nxc6 {[%clk 0:01:41]} 1-0

[Event "April 9 Late 2024"]
[Site "Chess.com"]
[Date "2024.04.09"]
[Round "5"]
[White "Holt, Conrad"]
[Black "Yankelevich, Lev"]
[Result "1-0"]
[Board "32"]
[WhiteFideId "2034387"]
[BlackFideId "24684074"]
[WhiteTitle "GM"]
[BlackTitle "GM"]
[WhiteElo "2876"]
[BlackElo "2676"]
[WhiteTeam "USA"]
[BlackTeam "GER"]
[WhiteClock "0:01:08"]
[BlackClock "0:00:00"]
[Variant "Standard"]

1. d4 {[%clk 0:03:00]}  Nf6 {[%clk 0:02:54]} 2. c4 {[%clk 0:03:00]}  e6 {[%clk 0:02:55]} 3. Nc3 {[%clk 0:03:00]}  Bb4 {[%clk 0:02:55]} 4. Qc2 {[%clk 0:03:01]}  d6 {[%clk 0:02:50]} 5. Bd2 {[%clk 0:02:58]}  O-O {[%clk 0:02:46]} 6. a3 {[%clk 0:02:58]}  Bxc3 {[%clk 0:02:46]} 7. Bxc3 {[%clk 0:02:59]}  Qe7 {[%clk 0:02:44]} 8. e3 {[%clk 0:02:54]}  e5 {[%clk 0:02:43]} 9. dxe5 {[%clk 0:02:53]}  dxe5 {[%clk 0:02:44]} 10. Nf3 {[%clk 0:02:53]}  Nbd7 {[%clk 0:02:43]} 11. Be2 {[%clk 0:02:51]}  Re8 {[%clk 0:02:40]} 12. O-O {[%clk 0:02:51]}  c6 {[%clk 0:02:39]} 13. Rfd1 {[%clk 0:02:48]}  e4 {[%clk 0:02:33]} 14. Nd2 {[%clk 0:02:47]}  a5 {[%clk 0:02:10]} 15. b4 {[%clk 0:02:39]}  axb4 {[%clk 0:02:11]} 16. axb4 {[%clk 0:02:39]}  Rxa1 {[%clk 0:02:12]} 17. Rxa1 {[%clk 0:02:38]}  Nf8 {[%clk 0:02:07]} 18. Ra8 {[%clk 0:02:28]}  Bf5 {[%clk 0:01:16]} 19. Bxf6 {[%clk 0:02:05]}  gxf6 {[%clk 0:01:17]} 20. Rxe8 {[%clk 0:02:05]}  Qxe8 {[%clk 0:01:17]} 21. c5 {[%clk 0:02:03]}  Qe5 {[%clk 0:01:09]} 22. Nc4 {[%clk 0:02:02]}  Qd5 {[%clk 0:00:44]} 23. h4 {[%clk 0:01:36]}  h6 {[%clk 0:00:41]} 24. Nd6 {[%clk 0:01:34]}  b5 {[%clk 0:00:41]} 25. Nxf5 {[%clk 0:01:32]}  Qxf5 {[%clk 0:00:42]} 26. Bf3 {[%clk 0:01:31]}  Qe5 {[%clk 0:00:20]} 27. Qxe4 {[%clk 0:01:28]}  Qc3 {[%clk 0:00:20]} 28. Qg4+ {[%clk 0:01:27]}  Kh8 {[%clk 0:00:20]} 29. Bxc6 {[%clk 0:01:25]}  Ng6 {[%clk 0:00:19]} 30. Bxb5 {[%clk 0:01:13]}  Qe1+ {[%clk 0:00:12]} 31. Bf1 {[%clk 0:01:12]}  Ne5 {[%clk 0:00:13]} 32. Qf4 {[%clk 0:01:10]}  Kg7 {[%clk 0:00:12]} 33. b5 {[%clk 0:01:06]}  Nd3 {[%clk 0:00:09]} 34. Qg4+ {[%clk 0:01:07]}  Kf8 {[%clk 0:00:00]} 35. Qe2 {[%clk 0:01:08]} 1-0

[Event "April 9 Late 2024"]
[Site "Chess.com"]
[Date "2024.04.09"]
[Round "5"]
[White "Cieslak, Patryk"]
[Black "Hayrapetyan, Edgar"]
[Result "1-0"]
[Board "35"]
[WhiteFideId "21078882"]
[BlackFideId "13313568"]
[WhiteTitle "FM"]
[BlackTitle "FM"]
[WhiteElo "2867"]
[BlackElo "2672"]
[WhiteTeam "POL"]
[BlackTeam "ARM"]
[WhiteClock "0:00:09"]
[BlackClock "0:00:09"]
[Variant "Standard"]

1. c4 {[%clk 0:03:00]}  e5 {[%clk 0:02:58]} 2. Nc3 {[%clk 0:03:00]}  Bb4 {[%clk 0:02:58]} 3. Nd5 {[%clk 0:02:59]}  Be7 {[%clk 0:02:54]} 4. d4 {[%clk 0:02:59]}  exd4 {[%clk 0:02:54]} 5. Qxd4 {[%clk 0:03:00]}  Nf6 {[%clk 0:02:53]} 6. Nxe7 {[%clk 0:03:00]}  Qxe7 {[%clk 0:02:53]} 7. Bg5 {[%clk 0:03:01]}  Nc6 {[%clk 0:02:52]} 8. Bxf6 {[%clk 0:02:53]}  Qxf6 {[%clk 0:02:48]} 9. Qxf6 {[%clk 0:02:52]}  gxf6 {[%clk 0:02:49]} 10. e3 {[%clk 0:02:52]}  d6 {[%clk 0:02:49]} 11. Kd2 {[%clk 0:02:51]}  Rg8 {[%clk 0:02:49]} 12. g3 {[%clk 0:02:50]}  Be6 {[%clk 0:02:48]} 13. Kc3 {[%clk 0:02:42]}  a5 {[%clk 0:02:48]} 14. Bg2 {[%clk 0:02:41]}  a4 {[%clk 0:02:46]} 15. Ne2 {[%clk 0:02:40]}  Ke7 {[%clk 0:02:39]} 16. Nd4 {[%clk 0:02:37]}  Bd7 {[%clk 0:02:36]} 17. Rhe1 {[%clk 0:02:36]}  Ra5 {[%clk 0:02:21]} 18. b4 {[%clk 0:02:32]}  axb3 {[%clk 0:02:12]} 19. axb3 {[%clk 0:02:33]}  Rga8 {[%clk 0:02:12]} 20. Rxa5 {[%clk 0:02:29]}  Rxa5 {[%clk 0:02:13]} 21. Be4 {[%clk 0:02:03]}  h6 {[%clk 0:02:10]} 22. h4 {[%clk 0:02:00]}  Ra2 {[%clk 0:02:08]} 23. Bc2 {[%clk 0:01:53]}  Ne5 {[%clk 0:02:05]} 24. f4 {[%clk 0:01:26]}  Ng4 {[%clk 0:01:58]} 25. b4 {[%clk 0:01:17]}  c5 {[%clk 0:01:08]} 26. bxc5 {[%clk 0:01:16]}  dxc5 {[%clk 0:01:09]} 27. Nf5+ {[%clk 0:00:55]}  Kf8 {[%clk 0:01:09]} 28. Nd6 {[%clk 0:00:51]}  Bc6 {[%clk 0:01:03]} 29. Kb3 {[%clk 0:00:46]}  Ra8 {[%clk 0:01:01]} 30. Kc3 {[%clk 0:00:42]}  Rd8 {[%clk 0:00:59]} 31. Nf5 {[%clk 0:00:40]}  h5 {[%clk 0:00:52]} 32. e4 {[%clk 0:00:36]}  Nf2 {[%clk 0:00:49]} 33. Re2 {[%clk 0:00:23]}  Ng4 {[%clk 0:00:41]} 34. Rd2 {[%clk 0:00:21]}  Rxd2 {[%clk 0:00:24]} 35. Kxd2 {[%clk 0:00:22]}  b5 {[%clk 0:00:19]} 36. cxb5 {[%clk 0:00:17]}  Bxb5 {[%clk 0:00:20]} 37. Bd1 {[%clk 0:00:18]}  Bd7 {[%clk 0:00:17]} 38. Ne3 {[%clk 0:00:13]}  Nf2 {[%clk 0:00:16]} 39. Bf3 {[%clk 0:00:09]}  Bc6 {[%clk 0:00:16]} 40. Nd5 {[%clk 0:00:08]}  f5 {[%clk 0:00:03]} 41. exf5 {[%clk 0:00:06]}  Ng4 {[%clk 0:00:02]} 42. Bxg4 {[%clk 0:00:05]}  hxg4 {[%clk 0:00:03]} 43. Ne3 {[%clk 0:00:03]}  Bf3 {[%clk 0:00:02]} 44. Kc3 {[%clk 0:00:03]}  Ke7 {[%clk 0:00:03]} 45. Kc4 {[%clk 0:00:02]}  Kf6 {[%clk 0:00:03]} 46. Kxc5 {[%clk 0:00:02]}  Be4 {[%clk 0:00:04]} 47. Nxg4+ {[%clk 0:00:01]}  Kxf5 {[%clk 0:00:04]} 48. Ne3+ {[%clk 0:00:02]}  Kg6 {[%clk 0:00:04]} 49. Kd4 {[%clk 0:00:03]}  Bf3 {[%clk 0:00:04]} 50. g4 {[%clk 0:00:03]}  Kf6 {[%clk 0:00:04]} 51. g5+ {[%clk 0:00:03]}  Kg6 {[%clk 0:00:05]} 52. Ke5 {[%clk 0:00:02]}  Kh5 {[%clk 0:00:05]} 53. Kf6 {[%clk 0:00:02]}  Be4 {[%clk 0:00:01]} 54. Kxf7 {[%clk 0:00:02]}  Kxh4 {[%clk 0:00:02]} 55. Kf6 {[%clk 0:00:02]}  Kg3 {[%clk 0:00:02]} 56. f5 {[%clk 0:00:03]}  Kf4 {[%clk 0:00:03]} 57. g6 {[%clk 0:00:01]}  Kxe3 {[%clk 0:00:04]} 58. g7 {[%clk 0:00:02]}  Bd5 {[%clk 0:00:04]} 59. Ke7 {[%clk 0:00:02]}  Kf4 {[%clk 0:00:05]} 60. f6 {[%clk 0:00:03]}  Kg5 {[%clk 0:00:05]} 61. f7 {[%clk 0:00:04]}  Kh6 {[%clk 0:00:05]} 62. g8=Q {[%clk 0:00:04]}  Bxf7 {[%clk 0:00:06]} 63. Qxf7 {[%clk 0:00:04]}  Kg5 {[%clk 0:00:06]} 64. Qf6+ {[%clk 0:00:05]}  Kg4 {[%clk 0:00:07]} 65. Ke6 {[%clk 0:00:06]}  Kh3 {[%clk 0:00:07]} 66. Qf5+ {[%clk 0:00:07]}  Kh2 {[%clk 0:00:08]} 67. Qg4 {[%clk 0:00:07]}  Kh1 {[%clk 0:00:09]} 68. Kf5 {[%clk 0:00:07]}  Kh2 {[%clk 0:00:09]} 69. Kf4 {[%clk 0:00:08]}  Kh1 {[%clk 0:00:09]} 70. Kf3 {[%clk 0:00:09]} 1-0